00406nam a2200157Ia 4500003000400000005001700004008004100021040000700062041000800069082002100077100003000098245006100128260003800189300000800227365001300235OSt20230405115252.0210423s2009 xx 000 0 und d cAL aeng a659.1 223bOGUT aOGUINN (Thomas C);others. aAdvertising management with integrated brand promotion. aAustraliabCengage Learningc2009 a648 b399cINR